| 000 | 00796nam a22002535a 4500 | ||
|---|---|---|---|
| 005 | 20161201124734.0 | ||
| 008 | 160620s2015 ii a fr 001 0 eng d | ||
| 020 | _a9788123924724 | ||
| 020 | _a8123924720 | ||
| 040 |
_aEG-ScBUE _beng _cEG-ScBUE _dEG-ScBUE |
||
| 082 | 0 | 4 |
_222 _a620.00151 _bRAM |
| 100 | 1 |
_aRam, Paras. _940270 |
|
| 245 | 1 | 0 |
_aEngineering mathematics through applications / _cParas Ram. |
| 250 | _a2nd ed. | ||
| 260 |
_aNew Delhi : _bCBS Publishers & Distributors Pvt Ltd, _c2015. |
||
| 300 |
_axvii, 1145 p. : _bill. ; _c24 cm. |
||
| 500 | _aIndex : p. 1141-1145. | ||
| 590 | _aWessam | ||
| 650 | 7 |
_2BUEsh _93194 _aEngineering mathematics. |
|
| 651 | _2BUEsh | ||
| 653 |
_bENGGEN _cJune2016 |
||
| 653 |
_bENGGEN _cNovember2016 _cDecember2016 |
||
| 942 |
_2ddc _e22 _k620.00151 RAM |
||
| 999 |
_c21929 _d21901 |
||